Giza I ( -XII). Bericht über die von der akademie der wissenschaften in wien auf gemeinsame kosten mit Dr. wihelm pelizaeus unternommenen grabungen auf dem friedhof des alten reiches bei den pyramiden von giza hrsg von hermann junker

محفوظ في:

المؤلف الرئيسي: Hermann Junker

مؤلفون آخرون: pelizaeus, wilhelm

التنسيق: كتاب

اللغة: Undetermined

منشور في: Wien & Leipzig Hider-pichler-tempsky 1929-1955

سلاسل: Akademie der Wissenschaften in Wien. Phil.-hist. Klasse. Denkschriften. Bd. 69-75.

الموضوعات:

الوسوم: إضافة وسم

لا توجد وسوم, كن أول من يضع وسما على هذه التسجيلة!

رقم الطلب: (F) DT62. T6 J9 V.1-12

LEADER 03316nam a2200385Ia 4500
008 220904s9999||||xx |||||||||||||| ||und||
050 |a (F) DT62. T6 J9 V.1-12 
100 1 |a  Hermann Junker 
245 1 0 |a Giza I ( -XII). Bericht über die von der akademie der wissenschaften in wien auf gemeinsame kosten mit Dr. wihelm pelizaeus unternommenen grabungen auf dem friedhof des alten reiches bei den pyramiden von giza hrsg von hermann junker  |c Hermann Junker, wilhelm pelizaeus 
264 1 |a  Wien & Leipzig  |b  Hider-pichler-tempsky  |c 1929-1955 
300 |a 12.v  |b (part col)  |c 31cm 
490 0 |a  Akademie der Wissenschaften in Wien. Phil.-hist. Klasse. Denkschriften. Bd. 69-75. 
500 |a vols. 8-12 have imprint: in kommission bei R.M.ROHRER, Vienna. 
504 |a includes hieroglyphics. 
505 0 |a Tombs - Egypt - Jizah 
650 4 |a Bd. 2Die Mastabas der beginnend V. Dynastie auf dem Westfriedhof - Bd. 3.Die Mastabas der vorgeschrittenen v. Dynastie auf dem westfriedhof -- Bd. 4 Die Mastaba des kai-em-anch -- Bd. 6. Die Mastabas des Nefer, kedfi, kahjef und die westlich anschliessenden Grabanlagen -- Bd. 7-8 Der Ostabschnitt des Westfriedhofs -- Bd 9. das mittelfeld des Westfriedhofs -- Bd 10. der friehof sudlich der cheopspyramide westteil Bd. 11. Der Friedhof sudlich der cheopspyramide ostteil --Bd. 12. Schlussband mit zusammenfassungen und gesamtverzeichnissen von Bd. 1-12. 
650 4 |a Egypt - Antiqities  
650 4 |a Includes bibliographical and index 
650 4 |a Tombs - Egypt 
650 4 |a Vol.3 lacks series statement 
700 1 |a pelizaeus, wilhelm 
942 |2 lcc  |c BK 
952 |0 0  |1 0  |2 lcc  |3 V.1  |4 0  |7 1  |9 42673  |a ARCE  |b ARCE  |d 2022-09-04  |l 0  |o (F) DT62. T6 J9 V.1-12  |p 1034411  |r 2022-09-04 00:00:00  |w 2022-09-04  |y BK 
952 |0 0  |1 0  |2 lcc  |3 V.2  |4 0  |7 1  |9 61677  |a ARCE  |b ARCE  |d 2024-02-12  |l 0  |o (F) DT62. T6 J9 V.1-12  |p 1034412  |r 2024-02-12 00:00:00  |w 2024-02-12  |y BK 
952 |0 0  |1 0  |2 lcc  |3 V.3  |4 0  |7 1  |9 61678  |a ARCE  |b ARCE  |d 2024-02-12  |l 0  |o (F) DT62. T6 J9 V.1-12  |p 1034413  |r 2024-02-12 00:00:00  |w 2024-02-12  |y BK 
952 |0 0  |1 0  |2 lcc  |3 V.4  |4 0  |7 1  |9 61679  |a ARCE  |b ARCE  |d 2024-02-12  |l 0  |o (F) DT62. T6 J9 V.1-12  |p 1034414  |r 2024-02-12 00:00:00  |w 2024-02-12  |y BK 
952 |0 0  |1 0  |2 lcc  |3 V.5  |4 0  |7 1  |9 61680  |a ARCE  |b ARCE  |d 2024-02-12  |l 0  |o (F) DT62. T6 J9 V.1-12  |p 1034415  |r 2024-02-12 00:00:00  |w 2024-02-12  |y BK 
952 |0 0  |1 0  |2 lcc  |3 V.6  |4 0  |7 1  |9 61681  |a ARCE  |b ARCE  |d 2024-02-12  |l 0  |o (F) DT62. T6 J9 V.1-12  |p 1034416  |r 2024-02-12 00:00:00  |w 2024-02-12  |y BK 
952 |0 0  |1 0  |2 lcc  |3 V.7  |4 0  |7 1  |9 61682  |a ARCE  |b ARCE  |d 2024-02-12  |l 0  |o (F) DT62. T6 J9 V.1-12  |p 1034417  |r 2024-02-12 00:00:00  |w 2024-02-12  |y BK 
952 |0 0  |1 0  |2 lcc  |3 V.8  |4 0  |7 1  |9 61683  |a ARCE  |b ARCE  |d 2024-02-12  |l 0  |o (F) DT62. T6 J9 V.1-12  |p 1034418  |r 2024-02-12 00:00:00  |w 2024-02-12  |y BK 
952 |0 0  |1 0  |2 lcc  |3 V.9  |4 0  |7 1  |9 61684  |a ARCE  |b ARCE  |d 2024-02-12  |l 0  |o (F) DT62. T6 J9 V.1-12  |p 1034419  |r 2024-02-12 00:00:00  |w 2024-02-12  |y BK 
952 |0 0  |1 0  |2 lcc  |3 V.10  |4 0  |7 1  |9 61685  |a ARCE  |b ARCE  |d 2024-02-12  |l 0  |o (F) DT62. T6 J9 V.1-12  |p 1034420  |r 2024-02-12 00:00:00  |w 2024-02-12  |y BK 
952 |0 0  |1 0  |2 lcc  |3 V.11  |4 0  |7 1  |9 61686  |a ARCE  |b ARCE  |d 2024-02-12  |l 0  |o (F) DT62. T6 J9 V.1-12  |p 1034421  |r 2024-02-12 00:00:00  |w 2024-02-12  |y BK 
952 |0 0  |1 0  |2 lcc  |3 V.12  |4 0  |7 1  |9 61687  |a ARCE  |b ARCE  |d 2024-02-12  |l 0  |o (F) DT62. T6 J9 V.1-12  |p 1034422  |r 2024-02-12 00:00:00  |w 2024-02-12  |y BK 
999 |c 49346  |d 49346